1777 1189 1130 1311 1908 1919 1388 1181 1764 1427 1291 1620 1407 1484 1387 1437 1085 1798 1976 1000 1476 1908 1700 1726 1240 1872 1520 1681 1210 1704 1894 1762 1769 1195 1668 1627 1115 1008 1624 1278 1888 1395 1641 1334 1240 1449 1180 1113 1769 1693 1505 1580 1855 1435 1323 1343 1863 1618 1814 1354 1992 1188 1013 1121 1611 1218 1135 1736 1387 1469 1884 1922 1550 1249 1493 1418 1407 1657 1908 1202 1593 1633 1219 1718 1540 1317 2000 1170 1779 1913 1024 1756 1937 1852 1190 1362 1474 1511 1364 BCNSPRNW ULIB Ver.6.0+V

เปลี่ยนเป็นภาษาไทย

Change to English
 แสดงรายละเอียดบรรณานุกรม
  กลับหน้าหลัก

Brief Record : Get Marc (ISO 2709) : E-mail record : QR code < ปิดหน้าต่าง
LEADER : 00000nam 2200000uu 4500
001    13399109805
003     ULIB
008    110411s2549||||th 000 0 tha d
060 04 WC503^bก525ส 2549
111 2  การสัมมนาระดับชาติเรื่องโรคเอดส์^n(ครั้งที่ 10 :^d2549 :^cกรุงเทพฯ)
245 10 สรุปรายงานการสัมมนาระดับชาติเรื่องโรคเอดส์ ครั้งที่ 10วันที่ 13-15 กรกฎาคม 2549 ณ มหาวิทยาลัยราชภัฏสวนดุสิต และมหาวิทยาลัยราชภัฏสวนสุนันทา /^cโดย สำนักโรคเอดส์ วัณโรคและโรคติดต่อทางเพศสัมพันธ์ กรมควบคุมโรค กระทรวงสาธารณสุข ;คณะบรรณาธิการ, พีระมน นิงสานนท์
246 30 โรคเอดส์
260    นนทบุรี :^bสำนัก,^c2549
300    364 หน้า ;^c30 ซม. +^eซีดี-รอม 1 แผ่น
650  7 กลุ่มอาการภูมิคุ้มกันเสื่อม^vการประชุม
650  7 การติดเชื้อเอชไอวี^vการประชุม
650  7 โรคเอดส์^vการประชุม
650  7 เพศสัมพันธ์
650  7 วัยรุ่น^xพฤติกรรมทางเพศ
700 0  พีระมน นิงสานนท์,^eบรรณาธิการ
710 2  กรมควบคุมโรค. ^bสำนักโรคเอดส์ วัณโรคและโรคติดต่อทางเพศสัมพันธ์
945    ^p0^l0^i019260
945    ^p0^l0^i019261
995    ทศพร
999 ^a ใช้งานได้ทุกระบบ
รายการนี้ยังไม่มีแท็ก
คุณยังไม่ได้ล็อกอิน คุณสามารถมีกิจกรรมร่วมกับเว็บไซต์ได้ แต่ต้องล็อกอินก่อน ::
  ล็อกอิน

รายการสื่อสารสนเทศ

ลำดับที่ ประเภท เลขเรียก/บาร์โค้ด สถานที่ สถานะ
- ไม่พบข้อมูล -

รายการใกล้เคียง
    หัวเรื่อง [เพศสัมพันธ์]

BibComment


ยังไม่เคยถูกคอมเมนท์

คอมเมนท์ทรัพยากรรายการนี้
  คอมเมนท์: สรุปรายงานการสัมม..


 Copyright 2026. Bcnsprnw @Library